000 00479nam a2200133 a 4500
008 120416s1977 ||||||||||||||||| || u
020 _a0895770105
050 _aTH 4817 Rea
245 0 0 _aReader's digest: complete do-it-yourself manual
260 _aNew York
_bThe Reader's digest Association
_c1977
300 _a480p. : ill.
350 _a0.00
995 _D0.00
_FCBU-MAIN LIBRARY (Kitwe)
_H1
_I9.95
_M1
_UREFERENCE
_ZReference Collection
999 _c55633
_d55633